000
00307pam a2200157 a 4500
020
_c
041
_h
100
_a
Dr. A. B. Chakranarayan
245
_a
Concepts in Geology
250
_a
Ist
260
_c
1997
300
_a
435
653
_a
Geology
700
_a
Dr. U. D. Kulkarni
930
_a
176
999
_c
246029
_d
246029